[Event "DVM U16w 2024"]
[Site "Neumünster GER"]
[Date "2024.12.30"]
[Round "7"]
[White "Scheiding, Sophia"]
[Black "Lorenz, Veronika"]
[Result "1/2-1/2"]
[Termination "normal"]
[Board "4.1"]
[WhiteElo "1672"]
[BlackElo "1973"]
[WhiteClock "00:36:02"]
[BlackClock "00:01:06"]
[WhiteTeam "Meuselwitzer SV"]
[BlackTeam "TSG Oberschöneweide"]
[PlyCount "58"]
[WhiteFideId "16287010"]
[BlackFideId "16277406"]
[EventCountry "GER"]
[EventRounds "7"]
[EventType "team-swiss"]
[EventDate "2024.12.26"]

1. e4 {[%clk 01:30:58]} {[%emt 00:00:02]} e5 {[%clk 01:30:59]} 2. Nf3 {[%clk
01:31:20]} {[%emt 00:00:07]} Nc6 {[%clk 01:31:28]} {[%emt 00:00:01]} 3. c3
{[%clk 01:31:42]} {[%emt 00:00:09]} Nf6 {[%clk 01:30:09]} {[%emt 00:01:49]} 4.
d4 {[%clk 01:32:04]} {[%emt 00:00:08]} d6 {[%clk 01:04:52]} {[%emt 00:25:47]}
5. Be2 {[%clk 01:31:45]} {[%emt 00:00:49]} Be7 {[%clk 00:59:12]} {[%emt
00:06:10]} 6. O-O {[%clk 01:31:06]} {[%emt 00:01:09]} O-O {[%clk 00:58:19]}
{[%emt 00:01:22]} 7. d5 {[%clk 01:30:48]} {[%emt 00:00:48]} Nb8 {[%clk
00:58:34]} {[%emt 00:00:16]} 8. Bd3 {[%clk 01:29:18]} {[%emt 00:01:59]} c6
{[%clk 00:56:24]} {[%emt 00:02:40]} 9. c4 {[%clk 01:29:30]} {[%emt 00:00:19]}
Bg4 {[%clk 00:53:28]} {[%emt 00:03:26]} 10. Nc3 {[%clk 01:28:27]} {[%emt
00:01:33]} Nbd7 {[%clk 00:53:28]} {[%emt 00:00:30]} 11. h3 {[%clk 01:27:25]}
{[%emt 00:01:31]} Bh5 {[%clk 00:53:51]} {[%emt 00:00:07]} 12. Re1 {[%clk
01:22:35]} {[%emt 00:05:21]} Nc5 {[%clk 00:46:01]} {[%emt 00:08:20]} 13. Bc2
{[%clk 01:20:59]} {[%emt 00:02:06]} Rc8 {[%clk 00:44:17]} {[%emt 00:02:12]} 14.
b3 {[%clk 01:20:14]} {[%emt 00:01:16]} cxd5 {[%clk 00:41:08]} {[%emt 00:03:39]}
15. Nxd5 {[%clk 01:18:23]} {[%emt 00:02:21]} Nxd5 {[%clk 00:41:18]} {[%emt
00:00:20]} 16. exd5 {[%clk 01:18:46]} {[%emt 00:00:07]} f5 {[%clk 00:37:13]}
{[%emt 00:04:36]} 17. b4 {[%clk 01:10:09]} {[%emt 00:09:07]} Nd7 {[%clk
00:31:31]} {[%emt 00:06:11]} 18. Bxf5 {[%clk 01:09:08]} {[%emt 00:01:32]} Rxf5
{[%clk 00:29:03]} {[%emt 00:02:57]} 19. g4 {[%clk 01:09:29]} {[%emt 00:00:09]}
Rxf3 {[%clk 00:28:10]} {[%emt 00:01:24]} 20. Qxf3 {[%clk 01:09:51]} {[%emt
00:00:06]} Bg6 {[%clk 00:28:09]} {[%emt 00:00:33]} 21. Qb3 {[%clk 01:07:45]}
{[%emt 00:02:34]} Bg5 {[%clk 00:25:30]} {[%emt 00:03:10]} 22. Bxg5 {[%clk
01:02:45]} {[%emt 00:05:30]} Qxg5 {[%clk 00:25:58]} {[%emt 00:00:03]} 23. Rac1
{[%clk 01:01:26]} {[%emt 00:01:49]} Qf4 {[%clk 00:19:19]} {[%emt 00:07:08]} 24.
c5 {[%clk 00:58:07]} {[%emt 00:03:50]} Bf7 {[%clk 00:14:09]} {[%emt 00:05:40]}
25. Qa4 {[%clk 00:40:25]} {[%emt 00:18:12]} Nf6 {[%clk 00:10:58]} {[%emt
00:03:41]} 26. c6 {[%clk 00:36:10]} {[%emt 00:04:44]} Bxd5 {[%clk 00:09:29]}
{[%emt 00:02:00]} 27. cxb7 {[%clk 00:36:02]} {[%emt 00:00:38]} Bxb7 {[%clk
00:09:43]} {[%emt 00:00:16]} 28. Rxc8+ {[%clk 00:36:07]} {[%emt 00:00:25]} Bxc8
{[%clk 00:10:12]} {[%emt 00:00:01]} 29. Qc6 {[%clk 00:36:02]} {[%emt 00:00:30]}
Bd7 {[%clk 00:01:06]} {[%emt 00:09:40]} 1/2-1/2

[Event "DVM U16w 2024"]
[Site "Neumünster GER"]
[Date "2024.12.30"]
[Round "7"]
[White "Fock, Madiha"]
[Black "Ignatova, Gabriela"]
[Result "1/2-1/2"]
[Termination "normal"]
[Board "4.2"]
[WhiteElo "1797"]
[BlackElo "1595"]
[WhiteClock "00:22:14"]
[BlackClock "00:30:16"]
[WhiteTeam "TSG Oberschöneweide"]
[BlackTeam "Meuselwitzer SV"]
[PlyCount "89"]
[WhiteFideId "16253574"]
[BlackFideId "34623698"]
[EventCountry "GER"]
[EventRounds "7"]
[EventType "team-swiss"]
[EventDate "2024.12.26"]

1. e4 {[%clk 01:30:57]} {[%emt 00:00:02]} c5 {[%clk 01:30:55]} {[%emt
00:00:06]} 2. Nf3 {[%clk 01:31:19]} {[%emt 00:00:08]} e6 {[%clk 01:31:16]}
{[%emt 00:00:09]} 3. d4 {[%clk 01:31:34]} {[%emt 00:00:15]} cxd4 {[%clk
01:31:28]} {[%emt 00:00:18]} 4. Nxd4 {[%clk 01:31:55]} {[%emt 00:00:09]} a6
{[%clk 01:31:53]} {[%emt 00:00:05]} 5. Nc3 {[%clk 01:31:45]} {[%emt 00:00:40]}
Qc7 {[%clk 01:31:50]} {[%emt 00:00:33]} 6. Bd3 {[%clk 01:31:42]} {[%emt
00:00:32]} Nc6 {[%clk 01:31:06]} {[%emt 00:01:14]} 7. Nxc6 {[%clk 01:31:33]}
{[%emt 00:00:40]} bxc6 {[%clk 01:31:25]} {[%emt 00:00:11]} 8. O-O {[%clk
01:29:25]} {[%emt 00:02:37]} d5 {[%clk 01:28:19]} {[%emt 00:03:37]} 9. Qe2
{[%clk 01:19:47]} {[%emt 00:10:06]} Ne7 {[%clk 01:21:20]} {[%emt 00:07:31]} 10.
e5 {[%clk 01:15:03]} {[%emt 00:05:14]} c5 {[%clk 01:19:35]} {[%emt 00:02:16]}
11. b3 {[%clk 01:10:57]} {[%emt 00:04:35]} g6 {[%clk 01:12:14]} {[%emt
00:07:51]} 12. f4 {[%clk 01:07:03]} {[%emt 00:04:24]} Bg7 {[%clk 01:08:46]}
{[%emt 00:03:57]} 13. Kh1 {[%clk 01:07:13]} {[%emt 00:00:20]} O-O {[%clk
01:08:07]} {[%emt 00:01:09]} 14. Na4 {[%clk 01:02:26]} {[%emt 00:05:18]} Qc6
{[%clk 01:05:24]} {[%emt 00:03:13]} 15. Ba3 {[%clk 00:59:39]} {[%emt 00:03:16]}
c4 {[%clk 00:57:55]} {[%emt 00:07:59]} 16. Bxe7 {[%clk 00:57:45]} {[%emt
00:02:24]} cxd3 {[%clk 00:57:46]} {[%emt 00:00:40]} 17. Qxd3 {[%clk 00:55:57]}
{[%emt 00:02:17]} Re8 {[%clk 00:57:27]} {[%emt 00:00:49]} 18. Bc5 {[%clk
00:54:16]} {[%emt 00:02:12]} a5 {[%clk 00:49:19]} {[%emt 00:08:38]} 19. Qd4
{[%clk 00:48:25]} {[%emt 00:06:20]} Ba6 {[%clk 00:45:14]} {[%emt 00:04:36]} 20.
Rf2 {[%clk 00:47:46]} {[%emt 00:01:08]} Bb5 {[%clk 00:42:24]} {[%emt 00:03:21]}
21. Nc3 {[%clk 00:45:04]} {[%emt 00:03:11]} Rec8 {[%clk 00:38:44]} {[%emt
00:04:10]} 22. Nxb5 {[%clk 00:43:10]} {[%emt 00:02:24]} Qxc5 {[%clk 00:34:18]}
{[%emt 00:04:56]} 23. Qxc5 {[%clk 00:41:35]} {[%emt 00:02:06]} Rxc5 {[%clk
00:34:42]} {[%emt 00:00:06]} 24. Nd4 {[%clk 00:41:58]} {[%emt 00:00:07]} Rac8
{[%clk 00:33:38]} {[%emt 00:01:34]} 25. a4 {[%clk 00:34:15]} {[%emt 00:08:12]}
Rc3 {[%clk 00:29:50]} {[%emt 00:04:18]} 26. Ra2 {[%clk 00:23:50]} {[%emt
00:10:56]} Bf8 {[%clk 00:26:59]} {[%emt 00:03:21]} 27. Rf3 {[%clk 00:23:31]}
{[%emt 00:00:48]} Rxf3 {[%clk 00:23:15]} {[%emt 00:04:14]} 28. Nxf3 {[%clk
00:23:54]} {[%emt 00:00:07]} Rc3 {[%clk 00:23:14]} {[%emt 00:00:31]} 29. Nd4
{[%clk 00:21:55]} {[%emt 00:02:29]} Bc5 {[%clk 00:22:46]} {[%emt 00:00:58]} 30.
Ne2 {[%clk 00:19:09]} {[%emt 00:03:16]} Re3 {[%clk 00:21:06]} {[%emt 00:02:10]}
31. c3 {[%clk 00:19:33]} {[%emt 00:00:06]} Rd3 {[%clk 00:20:28]} {[%emt
00:01:08]} 32. g3 {[%clk 00:19:12]} {[%emt 00:00:51]} Rd1+ {[%clk 00:19:17]}
{[%emt 00:01:41]} 33. Kg2 {[%clk 00:19:13]} {[%emt 00:00:30]} Rb1 {[%clk
00:19:33]} {[%emt 00:00:13]} 34. b4 {[%clk 00:17:54]} {[%emt 00:01:49]} axb4
{[%clk 00:18:16]} {[%emt 00:01:48]} 35. cxb4 {[%clk 00:18:19]} {[%emt
00:00:05]} Rxb4 {[%clk 00:18:05]} {[%emt 00:00:41]} 36. a5 {[%clk 00:18:40]}
{[%emt 00:00:08]} d4 {[%clk 00:15:49]} {[%emt 00:02:46]} 37. a6 {[%clk
00:17:30]} {[%emt 00:01:40]} d3 {[%clk 00:15:26]} {[%emt 00:00:54]} 38. Nc1
{[%clk 00:17:48]} {[%emt 00:00:11]} d2 {[%clk 00:14:37]} {[%emt 00:01:19]} 39.
Rxd2 {[%clk 00:17:41]} {[%emt 00:00:37]} Ra4 {[%clk 00:14:32]} {[%emt
00:00:35]} 40. Rd8+ {[%clk 00:12:37]} {[%emt 00:05:35]} Kg7 {[%clk 00:14:38]}
{[%emt 00:00:24]} 41. Ra8 {[%clk 00:12:59]} {[%emt 00:00:07]} Ra3 {[%clk
00:11:54]} {[%emt 00:03:15]} 42. Ne2 {[%clk 00:29:21]} {[%emt 00:14:08]} h5
{[%clk 00:40:14]} {[%emt 00:02:10]} 43. h4 {[%clk 00:27:11]} {[%emt 00:02:39]}
Kh7 {[%clk 00:37:02]} {[%emt 00:03:42]} 44. Rc8 {[%clk 00:25:14]} {[%emt
00:02:26]} Bb6 {[%clk 00:30:16]} {[%emt 00:07:17]} 45. Ra8 {[%clk 00:22:14]}
{[%emt 00:03:31]} 1/2-1/2

[Event "DVM U16w 2024"]
[Site "Neumünster GER"]
[Date "2024.12.30"]
[Round "7"]
[White "Brauer, Celiene"]
[Black "Vogt, Luna"]
[Result "1-0"]
[Termination "normal"]
[Board "4.3"]
[WhiteElo "1611"]
[BlackElo "1735"]
[WhiteClock "00:26:12"]
[BlackClock "00:14:57"]
[WhiteTeam "Meuselwitzer SV"]
[BlackTeam "TSG Oberschöneweide"]
[PlyCount "65"]
[WhiteFideId "34663622"]
[BlackFideId "34607153"]
[EventCountry "GER"]
[EventRounds "7"]
[EventType "team-swiss"]
[EventDate "2024.12.26"]

1. e4 {[%clk 01:30:58]} {[%emt 00:00:02]} e5 {[%clk 01:30:53]} {[%emt
00:00:08]} 2. Nf3 {[%clk 01:31:23]} {[%emt 00:00:04]} Nc6 {[%clk 01:31:19]}
{[%emt 00:00:04]} 3. d4 {[%clk 01:31:45]} {[%emt 00:00:09]} exd4 {[%clk
01:31:44]} {[%emt 00:00:05]} 4. Bc4 {[%clk 01:32:09]} {[%emt 00:00:05]} Nf6
{[%clk 01:32:06]} {[%emt 00:00:08]} 5. O-O {[%clk 01:32:22]} {[%emt 00:00:17]}
Nxe4 {[%clk 01:32:04]} {[%emt 00:00:33]} 6. Re1 {[%clk 01:32:45]} {[%emt
00:00:06]} d5 {[%clk 01:32:29]} {[%emt 00:00:05]} 7. Bxd5 {[%clk 01:33:03]}
{[%emt 00:00:12]} Qxd5 {[%clk 01:32:53]} {[%emt 00:00:06]} 8. Nc3 {[%clk
01:33:27]} {[%emt 00:00:06]} Qd7 {[%clk 01:31:15]} {[%emt 00:02:07]} 9. Rxe4+
{[%clk 01:29:42]} {[%emt 00:04:16]} Be7 {[%clk 01:31:14]} {[%emt 00:00:31]} 10.
Nxd4 {[%clk 01:29:11]} {[%emt 00:01:00]} O-O {[%clk 01:30:21]} {[%emt
00:01:23]} 11. Nxc6 {[%clk 01:28:31]} {[%emt 00:01:11]} Qxc6 {[%clk 01:19:52]}
{[%emt 00:10:59]} 12. Rxe7 {[%clk 01:28:24]} {[%emt 00:00:37]} Be6 {[%clk
01:20:10]} {[%emt 00:00:12]} 13. Bf4 {[%clk 01:27:34]} {[%emt 00:01:19]} Rac8
{[%clk 01:18:49]} {[%emt 00:01:52]} 14. Qd4 {[%clk 01:23:24]} {[%emt 00:04:38]}
Rfd8 {[%clk 01:09:27]} {[%emt 00:09:53]} 15. Qe5 {[%clk 01:23:18]} {[%emt
00:00:35]} Qb6 {[%clk 01:08:14]} {[%emt 00:01:45]} 16. b3 {[%clk 01:20:07]}
{[%emt 00:03:40]} Qb4 {[%clk 01:03:59]} {[%emt 00:04:46]} 17. Rxc7 {[%clk
01:16:46]} {[%emt 00:03:51]} Rxc7 {[%clk 01:01:13]} {[%emt 00:03:16]} 18. Qxc7
{[%clk 01:17:04]} {[%emt 00:00:11]} Rc8 {[%clk 01:01:22]} {[%emt 00:00:22]} 19.
Rd1 {[%clk 01:15:16]} {[%emt 00:02:18]} Qf8 {[%clk 00:44:47]} {[%emt 00:17:05]}
20. Qe5 {[%clk 01:15:01]} {[%emt 00:00:44]} h6 {[%clk 00:42:31]} {[%emt
00:02:47]} 21. h3 {[%clk 01:13:20]} {[%emt 00:02:10]} Qb4 {[%clk 00:40:45]}
{[%emt 00:02:17]} 22. Rd3 {[%clk 01:10:42]} {[%emt 00:03:08]} Rc5 {[%clk
00:32:31]} {[%emt 00:08:44]} 23. Qd6 {[%clk 01:01:17]} {[%emt 00:09:54]} Qa5
{[%clk 00:29:58]} {[%emt 00:03:04]} 24. Qd4 {[%clk 00:56:29]} {[%emt 00:05:15]}
Rc8 {[%clk 00:26:42]} {[%emt 00:03:49]} 25. h4 {[%clk 00:51:48]} {[%emt
00:05:09]} Kh7 {[%clk 00:24:09]} {[%emt 00:03:05]} 26. Bd2 {[%clk 00:41:08]}
{[%emt 00:11:09]} Qh5 {[%clk 00:22:39]} {[%emt 00:02:00]} 27. Rg3 {[%clk
00:37:13]} {[%emt 00:04:24]} g6 {[%clk 00:20:14]} {[%emt 00:02:56]} 28. Ne4
{[%clk 00:30:58]} {[%emt 00:06:45]} Qd1+ {[%clk 00:14:07]} {[%emt 00:06:38]}
29. Kh2 {[%clk 00:31:21]} {[%emt 00:00:06]} Qxc2 {[%clk 00:14:30]} {[%emt
00:00:08]} 30. Nf6+ {[%clk 00:30:25]} {[%emt 00:01:25]} Kg7 {[%clk 00:14:49]}
{[%emt 00:00:12]} 31. Nh5+ {[%clk 00:26:43]} {[%emt 00:04:12]} Kf8 {[%clk
00:14:49]} {[%emt 00:00:31]} 32. Bb4+ {[%clk 00:26:12]} {[%emt 00:01:00]} Ke8
{[%clk 00:14:57]} {[%emt 00:00:22]} 33. Nf6# {[%emt 00:00:25]} 1-0

[Event "DVM U16w 2024"]
[Site "Neumünster GER"]
[Date "2024.12.30"]
[Round "7"]
[White "Weng, Yueyi Elina"]
[Black "Sniegowski, Victoria"]
[Result "1-0"]
[Termination "normal"]
[Board "4.4"]
[WhiteElo "1719"]
[BlackElo "1536"]
[WhiteClock "00:48:41"]
[BlackClock "00:58:19"]
[WhiteTeam "TSG Oberschöneweide"]
[BlackTeam "Meuselwitzer SV"]
[PlyCount "44"]
[WhiteFideId "34639896"]
[BlackFideId "34675612"]
[EventCountry "GER"]
[EventRounds "7"]
[EventType "team-swiss"]
[EventDate "2024.12.26"]

1. e4 {[%clk 01:30:59]} {[%emt 00:26:48]} e5 {[%clk 01:30:51]} {[%emt
00:00:09]} 2. Nf3 {[%clk 01:31:23]} {[%emt 00:00:06]} Nf6 {[%clk 01:30:56]}
{[%emt 00:00:25]} 3. Nxe5 {[%clk 01:31:45]} {[%emt 00:00:08]} d6 {[%clk
01:31:15]} {[%emt 00:00:11]} 4. Nf3 {[%clk 01:32:11]} {[%emt 00:00:04]} Nxe4
{[%clk 01:31:34]} {[%emt 00:00:12]} 5. Nc3 {[%clk 01:32:34]} {[%emt 00:00:07]}
Nxc3 {[%clk 01:31:37]} {[%emt 00:00:26]} 6. dxc3 {[%clk 01:32:55]} {[%emt
00:00:09]} Nc6 {[%clk 01:31:40]} {[%emt 00:00:28]} 7. Bf4 {[%clk 01:33:09]}
{[%emt 00:00:15]} Be6 {[%clk 01:30:56]} {[%emt 00:00:55]} 8. Qd2 {[%clk
01:33:03]} {[%emt 00:00:54]} Qd7 {[%clk 01:30:40]} {[%emt 00:00:47]} 9. O-O-O
{[%clk 01:32:41]} {[%emt 00:00:52]} Be7 {[%clk 01:29:36]} {[%emt 00:01:33]} 10.
h4 {[%clk 01:32:22]} {[%emt 00:00:50]} Bf6 {[%clk 01:29:16]} {[%emt 00:00:47]}
11. Kb1 {[%clk 01:32:00]} {[%emt 00:00:55]} O-O-O {[%clk 01:29:27]} {[%emt
00:00:19]} 12. Nd4 {[%clk 01:27:32]} {[%emt 00:04:58]} Bd5 {[%clk 01:21:03]}
{[%emt 00:08:53]} 13. Nb5 {[%clk 01:07:38]} {[%emt 00:20:24]} Be6 {[%clk
01:17:05]} {[%emt 00:04:29]} 14. Qe3 {[%clk 01:01:01]} {[%emt 00:07:07]} Kb8
{[%clk 01:16:09]} {[%emt 00:01:26]} 15. Qg3 {[%clk 00:55:30]} {[%emt 00:05:59]}
Rhg8 {[%clk 01:10:01]} {[%emt 00:06:39]} 16. Nxd6 {[%clk 00:51:10]} {[%emt
00:04:51]} cxd6 {[%clk 01:09:20]} {[%emt 00:01:11]} 17. Rxd6 {[%clk 00:51:20]}
{[%emt 00:00:19]} Bxa2+ {[%clk 01:07:26]} {[%emt 00:02:24]} 18. Kxa2 {[%clk
00:49:34]} {[%emt 00:02:16]} Nb4+ {[%clk 01:04:04]} {[%emt 00:03:53]} 19. Kb1
{[%clk 00:48:07]} {[%emt 00:01:57]} Kc8 {[%clk 01:01:52]} {[%emt 00:02:41]} 20.
Rxd7 {[%clk 00:48:17]} {[%emt 00:00:21]} Rxd7 {[%clk 01:02:05]} {[%emt
00:00:16]} 21. cxb4 {[%clk 00:48:25]} {[%emt 00:00:22]} Rd1+ {[%clk 00:58:19]}
{[%emt 00:04:16]} 22. Ka2 {[%clk 00:48:41]} {[%emt 00:00:15]} Rgd8 {[%emt
00:02:50]} 1-0

[Event "DVM U16w 2024"]
[Site "Neumünster GER"]
[Date "2024.12.30"]
[Round "7"]
[White "Stepanjan, Marianne"]
[Black "Shynkar, Daria"]
[Result "0-1"]
[Termination "normal"]
[Board "5.1"]
[WhiteElo "1779"]
[BlackElo "1685"]
[WhiteClock "00:23:35"]
[BlackClock "01:04:32"]
[WhiteTeam "TuRa Harksheide 1945 Norderstedt"]
[BlackTeam "SchachAkademiePaderborn"]
[PlyCount "102"]
[WhiteFideId "16246110"]
[BlackFideId "34163212"]
[EventCountry "GER"]
[EventRounds "7"]
[EventType "team-swiss"]
[EventDate "2024.12.26"]

1. e4 {[%clk 01:30:59]} {[%emt 00:26:15]} c5 {[%clk 01:30:56]} {[%emt
00:00:05]} 2. Nf3 {[%clk 01:31:26]} {[%emt 00:00:04]} a6 {[%clk 01:31:21]}
{[%emt 00:00:05]} 3. d4 {[%clk 01:31:51]} {[%emt 00:00:04]} cxd4 {[%clk
01:31:46]} {[%emt 00:00:04]} 4. Nxd4 {[%clk 01:32:17]} {[%emt 00:00:04]} Nf6
{[%clk 01:32:05]} {[%emt 00:00:12]} 5. Nc3 {[%clk 01:32:44]} {[%emt 00:00:03]}
e5 {[%clk 01:32:26]} {[%emt 00:00:09]} 6. Nf3 {[%clk 01:33:09]} {[%emt
00:00:05]} Bb4 {[%clk 01:32:50]} {[%emt 00:00:06]} 7. Bd2 {[%clk 01:33:35]}
{[%emt 00:00:04]} d6 {[%clk 01:33:06]} {[%emt 00:00:14]} 8. Bd3 {[%clk
01:34:02]} {[%emt 00:00:03]} O-O {[%clk 01:33:07]} {[%emt 00:00:29]} 9. h3
{[%clk 01:34:29]} {[%emt 00:00:03]} Nbd7 {[%clk 01:33:18]} {[%emt 00:00:18]}
10. O-O {[%clk 01:34:55]} {[%emt 00:00:05]} Nc5 {[%clk 01:32:57]} {[%emt
00:00:51]} 11. Re1 {[%clk 01:35:03]} {[%emt 00:00:22]} b5 {[%clk 01:32:19]}
{[%emt 00:01:09]} 12. a3 {[%clk 01:33:57]} {[%emt 00:01:36]} Bxc3 {[%clk
01:32:38]} {[%emt 00:00:10]} 13. Bxc3 {[%clk 01:34:02]} {[%emt 00:00:24]} Bb7
{[%clk 01:32:58]} {[%emt 00:00:10]} 14. Nd2 {[%clk 01:31:15]} {[%emt 00:03:17]}
Na4 {[%clk 01:29:08]} {[%emt 00:04:21]} 15. Nb1 {[%clk 01:24:26]} {[%emt
00:07:19]} Rc8 {[%clk 01:28:23]} {[%emt 00:01:12]} 16. Qd2 {[%clk 01:22:14]}
{[%emt 00:02:44]} Qd7 {[%clk 01:23:09]} {[%emt 00:05:44]} 17. b3 {[%clk
01:17:58]} {[%emt 00:04:47]} Nc5 {[%clk 01:23:11]} {[%emt 00:00:28]} 18. f3
{[%clk 01:14:17]} {[%emt 00:04:10]} Nh5 {[%clk 01:20:10]} {[%emt 00:03:30]} 19.
Bb4 {[%clk 01:05:40]} {[%emt 00:09:09]} Nf4 {[%clk 01:18:35]} {[%emt 00:02:05]}
20. Nc3 {[%clk 01:00:41]} {[%emt 00:05:29]} Nfxd3 {[%clk 01:18:36]} {[%emt
00:00:29]} 21. Red1 {[%clk 00:49:12]} {[%emt 00:11:59]} Nxb4 {[%clk 01:17:48]}
{[%emt 00:01:18]} 22. axb4 {[%clk 00:48:57]} {[%emt 00:00:44]} Ne6 {[%clk
01:17:37]} {[%emt 00:00:41]} 23. Ne2 {[%clk 00:47:02]} {[%emt 00:02:26]} Rfd8
{[%clk 01:16:53]} {[%emt 00:01:13]} 24. Rac1 {[%clk 00:45:06]} {[%emt
00:02:27]} Qc6 {[%clk 01:13:06]} {[%emt 00:04:14]} 25. c4 {[%clk 00:43:33]}
{[%emt 00:02:05]} Qb6+ {[%clk 01:12:12]} {[%emt 00:01:22]} 26. Kh1 {[%clk
00:40:50]} {[%emt 00:03:15]} h6 {[%clk 01:06:01]} {[%emt 00:06:42]} 27. g4
{[%clk 00:27:41]} {[%emt 00:13:38]} Nd4 {[%clk 00:49:27]} {[%emt 00:17:04]} 28.
Nxd4 {[%clk 00:25:05]} {[%emt 00:03:06]} Qxd4 {[%clk 00:49:35]} {[%emt
00:00:21]} 29. Qxd4 {[%clk 00:25:26]} {[%emt 00:00:10]} exd4 {[%clk 00:50:00]}
{[%emt 00:00:05]} 30. Rxd4 {[%clk 00:25:51]} {[%emt 00:00:04]} d5 {[%clk
00:49:56]} {[%emt 00:00:35]} 31. Rcd1 {[%clk 00:24:53]} {[%emt 00:01:28]} Re8
{[%clk 00:44:20]} {[%emt 00:06:06]} 32. cxd5 {[%clk 00:15:26]} {[%emt
00:09:56]} Rc3 {[%clk 00:42:29]} {[%emt 00:02:23]} 33. R4d3 {[%clk 00:13:33]}
{[%emt 00:02:23]} Rxd3 {[%clk 00:42:26]} {[%emt 00:00:32]} 34. Rxd3 {[%clk
00:13:58]} {[%emt 00:00:05]} Kf8 {[%clk 00:40:51]} {[%emt 00:02:03]} 35. Rc3
{[%clk 00:09:25]} {[%emt 00:05:04]} Rc8 {[%clk 00:41:09]} {[%emt 00:00:13]} 36.
Rxc8+ {[%clk 00:06:22]} {[%emt 00:03:34]} Bxc8 {[%clk 00:41:29]} {[%emt
00:00:09]} 37. Kg2 {[%clk 00:06:43]} {[%emt 00:00:09]} Ke7 {[%clk 00:41:51]}
{[%emt 00:00:09]} 38. Kf2 {[%clk 00:06:58]} {[%emt 00:00:13]} g5 {[%clk
00:39:23]} {[%emt 00:02:58]} 39. Ke3 {[%clk 00:06:10]} {[%emt 00:01:18]} f6
{[%clk 00:38:59]} {[%emt 00:00:54]} 40. f4 {[%clk 00:01:36]} {[%emt 00:05:04]}
gxf4+ {[%clk 00:33:32]} {[%emt 00:05:58]} 41. Kxf4 {[%clk 00:01:54]} {[%emt
00:00:11]} Kd6 {[%clk 00:33:53]} {[%emt 00:00:09]} 42. h4 {[%clk 00:01:13]}
{[%emt 00:01:13]} Bd7 {[%clk 00:33:44]} {[%emt 00:00:37]} 43. g5 {[%clk
00:24:36]} {[%emt 00:07:09]} hxg5+ {[%clk 01:03:58]} {[%emt 00:00:16]} 44. hxg5
{[%clk 00:24:59]} {[%emt 00:00:06]} fxg5+ {[%clk 01:04:19]} {[%emt 00:00:09]}
45. Kxg5 {[%clk 00:25:16]} {[%emt 00:00:13]} Ke5 {[%clk 01:04:36]} {[%emt
00:00:11]} 46. d6 {[%clk 00:25:30]} {[%emt 00:00:18]} Kxd6 {[%clk 01:04:01]}
{[%emt 00:01:04]} 47. Kf6 {[%clk 00:23:33]} {[%emt 00:02:27]} Be6 {[%clk
01:03:57]} {[%emt 00:00:35]} 48. e5+ {[%clk 00:23:44]} {[%emt 00:00:19]} Kd5
{[%clk 01:03:35]} {[%emt 00:00:51]} 49. Ke7 {[%clk 00:24:08]} {[%emt 00:00:06]}
Kxe5 {[%clk 01:04:00]} {[%emt 00:00:06]} 50. Kd8 {[%clk 00:23:38]} {[%emt
00:01:01]} Bxb3 {[%clk 01:04:23]} {[%emt 00:00:06]} 51. Kc7 {[%clk 00:23:35]}
{[%emt 00:00:32]} Kd5 {[%clk 01:04:32]} 0-1